000 00431nam a2200193Ia 4500
005 20240823035437.0
008 240823s9999||||xx |||||||||||||| ||und||
020 _a978-1-84854-669-1
041 _aENGLISH
082 _A813.6 Q1
100 _aJames Frey
245 4 _aThe final Testament
250 _a1st
260 _c2011
_bHachac
500 _aISSUED
650 _aTestament
_bGeneral
942 _cBK
999 _c200700
_d200700